• 首页
  • 本馆介绍
  • 公告通知
  • 最新文献
  • 馆藏检索
  • 电子资源
  • 读者导购
  • 参考咨询
  • 我的图书馆
  • 登录
  • 详细信息显示
  • 放入我的书架
  • 预约/预借图书
  • 作者相关作品
  • 分类相关作品
  • 丛书相关作品
  • 出版社相关作品

书目信息

  • 表格格式
  • 工作单格式
  • 卡片格式
题名:
中国战争史
    
 
作者: 武国卿 著
分册: (三)  
出版信息: 北京   金城出版社  1990.12
页数: 452页
开本: 20cm
丛书名:
单 册:
中图分类: E29
科图分类:
主题词: 军事史--中国 , 战争史--中国
电子资源:
ISBN: 7-80084-002-6
000 00564nam0 2200205 45
001 0404221488
005 20061031145720.78
010    @a7-80084-002-6@dCNY6.80
100    @a20040422d1990 km y0chiy0120 ea
101 0  @achi
105    @aa z 000yy
200 1  @a中国战争史@AZhong Guo Zhan Zheng Shi@h(三)@f武国卿著@FWu Guo Qing Zhu
210    @a北京@c金城出版社@d1990.12
215    @a452页@c地图@d20cm
606 0  @a军事史@x中国
606 0  @a战争史@x中国
690    @aE29@v3
701  0 @a武国卿@4著
801    @aCN@bTSTCL@c20061031
905    @dE29@e37:3@f1@b263830
    
    中国战争史.(三)/武国卿著.-北京:金城出版社,1990.12
    452页:地图;20cm
    
    
    ISBN 7-80084-002-6:CNY6.80
    
●
相关链接 在E读中查询图书 在五车中查询图书 在当当中查询图书 在豆瓣中查询图书


正题名:中国战争史     索取号:E29/37:3         预约/预借

序号 登录号 条形码 馆藏地/架位号 状态 备注
1 0263829   001261672   第一样本阅览室/ [索取号:E29/37:3] 在馆    
2 0263830   002006974   密集书库/ [索取号:E29/37:3] 在馆    
3 0263831   001261645   第一借阅区/ [索取号:E29/37:3] 在馆    
唐山师范学院图书馆 欢迎您!
大连网信软件有限公司© 版权所有